00566nam a2200205Ia 450000500170000000800410001702000150005808200190007310000160009224500300010826000350013830000170017365000120019065000150020265000120021765000150022994200060024495200950025099900150034520250317004241.0240331s9999 xx 000 0 und d a0745615686 a301bHEI25423 aHeilbron, J 0aThe Rise of Social Theory aCambridge,bPolity Pressc1995 avii, 317 p., aSociety aRevolution aScience aPhilosophy cL 001040708LaWERCLbWERCLcSSCd2024-03-31l0o 301 HEIp5423r2024-03-31w2024-03-31yL c1069d1069